000 00280nam a22001337a 4500
008 170511b xxu||||| |||| 00| 0 eng d
020 _a0256037361
041 _aeng
080 _a331
100 _a15
101 _aSHJ
245 _aLABOR RELATIONS
_cGLASSMAN
942 _2udc
_cBK
999 _c13253
_d13253